Normal view
MARC view
- كنعان، عبدالله توفيق؛ تدقيق الطباعة مطر، احمد فايز؛ التصميم والاشراف الفني عليان،فراس ابراهيم
Entry Personal Name
001 - CONTROL NUMBER
- control field: 47719
003 - CONTROL NUMBER IDENTIFIER
- control field: JO-AjAnu
005 - DATE AND TIME OF LATEST TRANSACTION
- control field: 20230606081857.0
008 - FIXED-LENGTH DATA ELEMENTS
- fixed length control field: 230606|| aca||aabn | a|a d
040 ## - CATALOGING SOURCE
- Original cataloging agency: JO-AjAnu
- Transcribing agency: JO-AjAnu
100 ## - HEADING--PERSONAL NAME
- Personal name: كنعان، عبدالله توفيق؛ تدقيق الطباعة مطر، احمد فايز؛ التصميم والاشراف الفني عليان،فراس ابراهيم
670 ## - SOURCE DATA FOUND
- Source citation: Work cat.: (JO-AjAnu)24419: كنعان، عبدالله توفيق؛ تدقيق الطباعة مطر، احمد فايز؛ التصميم والاشراف الفني عليان،فراس ابراهيم, author, القدس من منظور اسرائيلي: دراسة تحليلية